000 00496nam a22002177a 4500
003 UA-OsUOA
001 41080
007 ta
008 20080717b un ||||| |||| 00| 0 ukr d
100 _aKowalsky Mirko
090 _a316.7
942 _cBR
040 _aUA-OsUOA
_beng
_cUA-OsUOA
_dUA-OsUOA
245 _aToward a Political Sociology of Multiculturalism
300 _a5 с.
955 _a1
041 _aeng
080 _a316.7
650 7 _a316 Соціологія
_2UDC
999 _c439585
_d439585